000
00311nam a22001337a 4500
008
180213b xxu||||| |||| 00| 0 eng d
020
_a
2901412977592
041
_a
eng
080
_a
37
100
_a
47
101
_a
EDU
245
_a
The communication age connecting& engaging
_c
Edwards,A
942
_2
udc
_c
BK
999
_c
42364
_d
42364